[Event "1SM"]
[Site "Sharjah Chess Club"]
[Date "2017.03.31"]
[Round "9.25"]
[White "Gomes, Mary Ann"]
[Black "Deepan, Chakkravarthy J."]
[Result "1/2-1/2"]
[BlackElo "2483"]
[WhiteElo "2316"]
[LiveChessVersion "1.4.8"]

1. Nf3 {[%clk 1:40:31]} d5 {[%clk 1:40:53]} 2. g3 {[%clk 1:40:47]} Nf6
{[%clk 1:38:26]} 3. Bg2 {[%clk 1:40:33]} Bf5 {[%clk 1:37:52]} 4. b3
{[%clk 1:40:17]} e6 {[%clk 1:38:01]} 5. Bb2 {[%clk 1:40:38]} Be7 {[%clk 1:38:25]}
6. d3 {[%clk 1:40:46]} h6 {[%clk 1:38:48]} 7. Nbd2 {[%clk 1:41:04]} O-O
{[%clk 1:39:12]} 8. O-O {[%clk 1:41:28]} a5 {[%clk 1:39:28]} 9. a3
{[%clk 1:41:50]} c6 {[%clk 1:39:10]} 10. Qe1 {[%clk 1:42:00]} Nbd7
{[%clk 1:39:32]} 11. e4 {[%clk 1:42:19]} Bh7 {[%clk 1:40:00]} 12. Qe2
{[%clk 1:42:28]} Qc7 {[%clk 1:40:12]} 13. Rfe1 {[%clk 1:40:40]} b5
{[%clk 1:40:12]} 14. Nd4 {[%clk 1:38:05]} e5 {[%clk 1:24:24]} 15. Nf5
{[%clk 1:25:30]} Bxf5 {[%clk 1:22:02]} 16. exf5 {[%clk 1:25:54]} Bc5
{[%clk 1:22:22]} 17. c3 {[%clk 1:13:59]} Rfe8 {[%clk 1:20:02]} 18. b4
{[%clk 1:13:46]} Bd6 {[%clk 1:17:30]} 19. Qd1 {[%clk 1:04:19]} Nb6
{[%clk 1:08:28]} 20. Qc2 {[%clk 1:04:17]} c5 {[%clk 1:08:27]} 21. bxa5
{[%clk 0:59:59]} Rxa5 {[%clk 0:51:33]} 22. c4 {[%clk 1:00:17]} Qd7
{[%clk 0:50:23]} 23. cxd5 {[%clk 0:59:52]} Qxf5 {[%clk 0:50:42]} 24. Ne4
{[%clk 0:57:56]} Nxe4 {[%clk 0:51:06]} 25. dxe4 {[%clk 0:57:28]} Qd7
{[%clk 0:51:26]} 26. f4 {[%clk 0:56:24]} Nc4 {[%clk 0:48:51]} 27. fxe5
{[%clk 0:55:55]} Nxe5 {[%clk 0:48:52]} 28. Rad1 {[%clk 0:46:10]} c4
{[%clk 0:48:18]} 29. Kh1 {[%clk 0:45:44]} Ra4 {[%clk 0:44:57]} 30. Rf1
{[%clk 0:39:44]} Bxa3 {[%clk 0:43:00]} 31. Bd4 {[%clk 0:39:52]} Bd6
{[%clk 0:35:51]} 32. Rf5 {[%clk 0:39:24]} Ra3 {[%clk 0:28:39]} 33. Bh3
{[%clk 0:33:07]} Qc7 {[%clk 0:24:58]} 34. Rdf1 {[%clk 0:33:24]} Re7
{[%clk 0:21:34]} 35. Qb2 {[%clk 0:28:16]} Rb3 {[%clk 0:17:00]} 36. Qa2
{[%clk 0:28:35]} Rd3 {[%clk 0:13:08]} 37. Bxe5 {[%clk 0:24:00]} Bxe5
{[%clk 0:06:47]} 38. Qa8+ {[%clk 0:21:32]} Qb8 {[%clk 0:07:15]} 39. Qxb8+
{[%clk 0:16:48]} Bxb8 {[%clk 0:07:41]} 40. Rxf7 {[%clk 0:16:43]} Rxf7
{[%clk 0:08:09]} 41. Be6 {[%clk 0:17:06]} Kf8 {[%clk 0:08:02]} 42. Rxf7+
{[%clk 0:14:47]} Ke8 {[%clk 0:08:31]} 43. Rb7 {[%clk 0:12:39]} Bd6
{[%clk 0:06:35]} 44. e5 {[%clk 0:12:57]} Bxe5 {[%clk 0:06:53]} 45. Rxb5
{[%clk 0:13:02]} c3 {[%clk 0:06:17]} 46. Rc5 {[%clk 0:12:15]} Ke7
{[%clk 0:05:28]} 47. Rc6 {[%clk 0:10:16]} Rd2 {[%clk 0:04:34]} 48. Bf5
{[%clk 0:10:08]} Rxd5 {[%clk 0:04:49]} 49. Kg2 {[%clk 0:10:28]} Bf6
{[%clk 0:04:57]} 50. g4 {[%clk 0:10:06]} Rd2+ {[%clk 0:03:37]} 51. Kg3
{[%clk 0:10:02]} Re2 {[%clk 0:01:04]} 52. h4 {[%clk 0:08:26]} Re3+
{[%clk 0:00:51]} 53. Kf4 {[%clk 0:07:39]} Re1 {[%clk 0:01:14]} 54. h5
{[%clk 0:07:54]} Bd4 {[%clk 0:01:13]} 55. Kf3 {[%clk 0:07:25]} Bf6
{[%clk 0:00:50]} 56. Kf2 {[%clk 0:07:17]} Re5 {[%clk 0:01:02]} 57. Kf3
{[%clk 0:07:20]} Ra5 {[%clk 0:01:17]} 58. Ke2 {[%clk 0:06:38]} Ra2+
{[%clk 0:01:38]} 59. Kd3 {[%clk 0:04:04]} Rg2 {[%clk 0:01:49]} 60. Ke3
{[%clk 0:04:01]} Rh2 {[%clk 0:01:43]} 61. Kd3 {[%clk 0:03:08]} Rh3+
{[%clk 0:02:04]} 62. Kc2 {[%clk 0:03:28]} Re3 {[%clk 0:02:29]} 63. Kd1
{[%clk 0:02:47]} Rf3 {[%clk 0:02:31]} 64. Kc2 {[%clk 0:02:29]} Rg3
{[%clk 0:02:53]} 65. Kd1 {[%clk 0:02:46]} Rg2 {[%clk 0:03:17]} 66. Re6+
{[%clk 0:02:35]} Kd8 {[%clk 0:03:28]} 67. Rc6 {[%clk 0:03:01]} Be5
{[%clk 0:03:10]} 68. Rc5 {[%clk 0:03:07]} Rd2+ {[%clk 0:02:15]} 69. Kc1
{[%clk 0:01:58]} Bf6 {[%clk 0:02:14]} 70. Rc6 {[%clk 0:02:03]} Bd4
{[%clk 0:02:17]} 71. Rc8+ {[%clk 0:02:19]} Ke7 {[%clk 0:02:39]} 72. Rc6
{[%clk 0:02:40]} Rh2 {[%clk 0:02:00]} 73. Kd1 {[%clk 0:02:52]} Rg2
{[%clk 0:01:40]} 74. Re6+ {[%clk 0:02:58]} Kf7 {[%clk 0:02:03]} 75. Rc6
{[%clk 0:02:31]} Bf6 {[%clk 0:01:24]} 76. Rc7+ {[%clk 0:02:51]} Ke8
{[%clk 0:01:52]} 77. Rc8+ {[%clk 0:03:13]} Ke7 {[%clk 0:02:12]} 78. Rc6
{[%clk 0:03:38]} Bd4 {[%clk 0:01:44]} 79. Re6+ {[%clk 0:03:58]} Kf7
{[%clk 0:02:11]} 80. Rc6 {[%clk 0:04:05]} Rf2 {[%clk 0:02:39]} 81. Bg6+
{[%clk 0:04:17]} Ke7 {[%clk 0:02:52]} 82. Bf5 {[%clk 0:04:41]} 1/2-1/2

[Event "1SM"]
[Site "Sharjah Chess Club"]
[Date "2017.03.31"]
[Round "9.26"]
[White "Saurabh, Anand"]
[Black "Debashis, Das"]
[Result "0-1"]
[BlackElo "2480"]
[WhiteElo "2284"]
[LiveChessVersion "1.4.8"]

1. e4 {[%clk 1:40:57]} c5 {[%clk 1:39:59]} 2. Nf3 {[%clk 1:41:24]} d6
{[%clk 1:40:26]} 3. d4 {[%clk 1:41:48]} cxd4 {[%clk 1:40:51]} 4. Nxd4
{[%clk 1:42:14]} Nf6 {[%clk 1:41:18]} 5. Nc3 {[%clk 1:42:38]} a6 {[%clk 1:41:44]}
6. Bg5 {[%clk 1:42:49]} e6 {[%clk 1:42:05]} 7. f4 {[%clk 1:43:11]} Be7
{[%clk 1:42:31]} 8. Qf3 {[%clk 1:43:02]} Qc7 {[%clk 1:42:57]} 9. O-O-O
{[%clk 1:43:18]} O-O {[%clk 1:43:23]} 10. g4 {[%clk 1:42:39]} b5 {[%clk 1:43:42]}
11. Bd3 {[%clk 1:37:07]} b4 {[%clk 1:20:37]} 12. Nce2 {[%clk 1:37:11]} Bb7
{[%clk 1:14:01]} 13. Bxf6 {[%clk 1:34:21]} Bxf6 {[%clk 1:14:15]} 14. g5
{[%clk 1:34:45]} Bxd4 {[%clk 1:12:14]} 15. Nxd4 {[%clk 1:35:04]} Nc6
{[%clk 1:12:40]} 16. Nxc6 {[%clk 1:34:57]} Bxc6 {[%clk 1:13:04]} 17. Kb1
{[%clk 1:33:29]} Rfc8 {[%clk 1:10:17]} 18. Rhe1 {[%clk 1:30:57]} Rab8
{[%clk 1:03:59]} 19. Qf2 {[%clk 1:30:27]} Bb5 {[%clk 1:01:27]} 20. f5
{[%clk 1:28:53]} a5 {[%clk 0:55:34]} 21. Qd2 {[%clk 1:17:32]} Bxd3
{[%clk 0:50:16]} 22. cxd3 {[%clk 1:15:55]} Qd7 {[%clk 0:42:38]} 23. fxe6
{[%clk 1:15:00]} Qxe6 {[%clk 0:41:40]} 24. Rc1 {[%clk 1:14:53]} d5
{[%clk 0:37:47]} 25. Qf4 {[%clk 1:07:57]} g6 {[%clk 0:33:45]} 26. e5
{[%clk 1:03:57]} Qh3 {[%clk 0:25:21]} 27. Qd4 {[%clk 1:02:41]} a4
{[%clk 0:22:13]} 28. Rxc8+ {[%clk 0:54:39]} Rxc8 {[%clk 0:22:34]} 29. Qxd5
{[%clk 0:54:55]} Qxh2 {[%clk 0:21:31]} 30. Rc1 {[%clk 0:55:15]} Rxc1+
{[%clk 0:20:42]} 31. Kxc1 {[%clk 0:55:43]} Qg1+ {[%clk 0:20:08]} 32. Kc2
{[%clk 0:56:10]} Qf2+ {[%clk 0:20:01]} 33. Kc1 {[%clk 0:55:46]} Qe1+
{[%clk 0:20:22]} 34. Kc2 {[%clk 0:56:05]} Qe2+ {[%clk 0:20:49]} 35. Kc1
{[%clk 0:56:29]} Qe3+ {[%clk 0:21:16]} 36. Kc2 {[%clk 0:56:53]} Qxg5
{[%clk 0:21:41]} 37. Qe4 {[%clk 0:57:11]} h5 {[%clk 0:21:49]} 38. e6
{[%clk 0:56:53]} fxe6 {[%clk 0:18:51]} 39. Qxe6+ {[%clk 0:57:14]} Kg7
{[%clk 0:19:18]} 40. Qd7+ {[%clk 0:51:19]} Kh6 {[%clk 0:18:30]} 41. Qd4
{[%clk 0:51:47]} Qe7 {[%clk 0:16:04]} 42. Qh8+ {[%clk 0:51:15]} Kg5
{[%clk 0:16:24]} 43. d4 {[%clk 0:51:25]} Qf6 {[%clk 0:10:32]} 44. Qe8
{[%clk 0:50:01]} Qxd4 {[%clk 0:10:33]} 45. Qxa4 {[%clk 0:50:02]} h4
{[%clk 0:09:57]} 46. Qb5+ {[%clk 0:50:06]} Kf4 {[%clk 0:09:41]} 47. Qf1+
{[%clk 0:49:57]} Kg3 {[%clk 0:09:39]} 48. Kb3 {[%clk 0:50:17]} h3
{[%clk 0:06:10]} 49. Ka4 {[%clk 0:50:45]} b3+ {[%clk 0:05:44]} 50. Ka3
{[%clk 0:50:54]} Qa7+ {[%clk 0:04:23]} 51. Kxb3 {[%clk 0:50:42]} Qe3+
{[%clk 0:04:49]} 52. Ka4 {[%clk 0:51:06]} Qf4+ {[%clk 0:05:12]} 0-1

[Event "1SM"]
[Site "Sharjah Chess Club"]
[Date "2017.03.31"]
[Round "9.27"]
[White "Narayanan, Srinath"]
[Black "Sindarov, Javokhir"]
[Result "1-0"]
[BlackElo "2374"]
[WhiteElo "2472"]
[LiveChessVersion "1.4.8"]

1. e4 {[%clk 1:40:56]} d6 {[%clk 1:40:50]} 2. d4 {[%clk 1:41:22]} Nf6
{[%clk 1:41:12]} 3. Nc3 {[%clk 1:41:49]} e5 {[%clk 1:41:36]} 4. Nf3
{[%clk 1:42:14]} Nbd7 {[%clk 1:41:59]} 5. Bc4 {[%clk 1:42:37]} Be7
{[%clk 1:42:25]} 6. O-O {[%clk 1:43:01]} O-O {[%clk 1:42:49]} 7. a4
{[%clk 1:43:16]} c6 {[%clk 1:43:12]} 8. Re1 {[%clk 1:43:40]} Qc7 {[%clk 1:43:37]}
9. h3 {[%clk 1:38:56]} b6 {[%clk 1:43:36]} 10. Ba2 {[%clk 1:39:05]} Bb7
{[%clk 1:42:00]} 11. Bg5 {[%clk 1:38:42]} a6 {[%clk 1:41:30]} 12. Qd3
{[%clk 1:38:46]} b5 {[%clk 1:37:16]} 13. axb5 {[%clk 1:38:34]} axb5
{[%clk 1:36:44]} 14. b4 {[%clk 1:38:57]} h6 {[%clk 1:17:59]} 15. Be3
{[%clk 1:38:55]} Nb6 {[%clk 1:08:41]} 16. dxe5 {[%clk 1:26:09]} dxe5
{[%clk 1:08:52]} 17. Bxb6 {[%clk 1:26:31]} Qxb6 {[%clk 1:08:40]} 18. Nxe5
{[%clk 1:26:55]} Rad8 {[%clk 1:02:54]} 19. Qf3 {[%clk 1:08:22]} Bxb4
{[%clk 1:03:14]} 20. Red1 {[%clk 1:04:52]} Rxd1+ {[%clk 1:00:17]} 21. Rxd1
{[%clk 1:05:17]} Bxc3 {[%clk 1:00:43]} 22. Nxf7 {[%clk 0:56:18]} Kh7
{[%clk 0:44:26]} 23. Qf5+ {[%clk 0:43:53]} g6 {[%clk 0:44:01]} 24. Qf4
{[%clk 0:44:12]} Rxf7 {[%clk 0:42:25]} 25. Bxf7 {[%clk 0:44:27]} Qc5
{[%clk 0:37:55]} 26. Qc7 {[%clk 0:34:38]} Bd4 {[%clk 0:28:40]} 27. Bb3+
{[%clk 0:30:23]} Kh8 {[%clk 0:28:42]} 28. Qb8+ {[%clk 0:30:22]} Kg7
{[%clk 0:27:33]} 29. Qxb7+ {[%clk 0:30:42]} 1-0

[Event "1SM"]
[Site "Sharjah Chess Club"]
[Date "2017.03.31"]
[Round "9.28"]
[White "Ashwath, R."]
[Black "Praggnanandhaa, R"]
[Result "0-1"]
[BlackElo "2455"]
[WhiteElo "2242"]
[LiveChessVersion "1.4.8"]

1. d4 {[%clk 1:38:10]} Nf6 {[%clk 1:40:29]} 2. c4 {[%clk 1:38:33]} e6
{[%clk 1:40:54]} 3. Nc3 {[%clk 1:38:31]} d5 {[%clk 1:41:18]} 4. cxd5
{[%clk 1:38:49]} exd5 {[%clk 1:41:41]} 5. Bg5 {[%clk 1:39:04]} c6
{[%clk 1:41:31]} 6. Qc2 {[%clk 1:38:57]} Be7 {[%clk 1:41:33]} 7. e3
{[%clk 1:38:49]} Nbd7 {[%clk 1:40:49]} 8. Bd3 {[%clk 1:38:56]} Nh5
{[%clk 1:39:25]} 9. Bxe7 {[%clk 1:38:32]} Qxe7 {[%clk 1:39:53]} 10. Nge2
{[%clk 1:37:41]} g6 {[%clk 1:38:01]} 11. O-O-O {[%clk 1:37:54]} Nb6
{[%clk 1:37:23]} 12. Kb1 {[%clk 1:30:56]} Bd7 {[%clk 1:33:40]} 13. Na4
{[%clk 1:10:46]} Nxa4 {[%clk 1:18:50]} 14. Qxa4 {[%clk 1:11:12]} c5
{[%clk 1:19:14]} 15. Bb5 {[%clk 1:09:50]} c4 {[%clk 1:19:22]} 16. Nc3
{[%clk 1:09:39]} Nf6 {[%clk 1:19:12]} 17. f3 {[%clk 1:00:23]} a6 {[%clk 1:12:19]}
18. Bxd7+ {[%clk 0:59:41]} Qxd7 {[%clk 1:12:17]} 19. Qb4 {[%clk 0:55:22]} Qe7
{[%clk 1:09:16]} 20. Qc5 {[%clk 0:53:46]} Qxc5 {[%clk 1:03:18]} 21. dxc5
{[%clk 0:54:13]} O-O-O {[%clk 1:03:35]} 22. b4 {[%clk 0:53:07]} Rhe8
{[%clk 1:00:57]} 23. Rhe1 {[%clk 0:51:44]} Kc7 {[%clk 0:56:43]} 24. Kc2
{[%clk 0:49:51]} Re5 {[%clk 0:46:42]} 25. Rd4 {[%clk 0:47:27]} Rd7
{[%clk 0:41:14]} 26. Red1 {[%clk 0:43:07]} Rxe3 {[%clk 0:31:12]} 27. Rf4
{[%clk 0:28:45]} Nh5 {[%clk 0:28:13]} 28. Rfd4 {[%clk 0:27:11]} Kc6
{[%clk 0:25:56]} 29. Kd2 {[%clk 0:20:40]} Re8 {[%clk 0:23:38]} 30. Kc2
{[%clk 0:19:41]} Red8 {[%clk 0:23:57]} 31. Na4 {[%clk 0:17:42]} Ng7
{[%clk 0:19:12]} 32. g4 {[%clk 0:15:59]} Ne6 {[%clk 0:18:17]} 33. R4d2
{[%clk 0:16:24]} a5 {[%clk 0:18:08]} 34. a3 {[%clk 0:15:26]} axb4
{[%clk 0:17:52]} 35. axb4 {[%clk 0:15:54]} d4 {[%clk 0:17:41]} 36. Nb6
{[%clk 0:15:02]} Kb5 {[%clk 0:16:36]} 37. Nxd7 {[%clk 0:14:55]} Rxd7
{[%clk 0:17:03]} 38. f4 0-1

[Event "1SM"]
[Site "Sharjah Chess Club"]
[Date "2017.03.31"]
[Round "9.29"]
[White "Srija, Seshadri"]
[Black "Shyaamnikhil, P"]
[Result "1/2-1/2"]
[BlackElo "2440"]
[WhiteElo "2166"]
[LiveChessVersion "1.4.8"]

1. e4 {[%clk 1:40:57]} e5 {[%clk 1:38:11]} 2. Nf3 {[%clk 1:41:17]} Nc6
{[%clk 1:38:25]} 3. Bb5 {[%clk 1:41:39]} a6 {[%clk 1:38:15]} 4. Ba4
{[%clk 1:42:02]} Nge7 {[%clk 1:38:15]} 5. O-O {[%clk 1:40:03]} g6
{[%clk 1:38:13]} 6. c3 {[%clk 1:40:17]} b5 {[%clk 1:37:23]} 7. Bb3
{[%clk 1:40:07]} Bg7 {[%clk 1:37:19]} 8. d4 {[%clk 1:39:24]} exd4
{[%clk 1:37:23]} 9. cxd4 {[%clk 1:39:48]} O-O {[%clk 1:37:03]} 10. Nc3
{[%clk 1:39:59]} d6 {[%clk 1:37:11]} 11. h3 {[%clk 1:40:18]} Na5 {[%clk 1:34:52]}
12. Bc2 {[%clk 1:40:34]} Bb7 {[%clk 1:33:22]} 13. Bf4 {[%clk 1:36:49]} Nc4
{[%clk 1:28:02]} 14. Qc1 {[%clk 1:30:33]} c5 {[%clk 1:27:45]} 15. Rd1
{[%clk 1:25:25]} cxd4 {[%clk 1:22:43]} 16. Nxd4 {[%clk 1:25:44]} Rc8
{[%clk 1:08:00]} 17. Nce2 {[%clk 1:14:26]} d5 {[%clk 0:55:23]} 18. b3
{[%clk 1:11:43]} Ne5 {[%clk 0:55:10]} 19. Bh6 {[%clk 1:08:33]} Qc7
{[%clk 0:48:09]} 20. Bxg7 {[%clk 1:06:34]} Kxg7 {[%clk 0:48:33]} 21. f4
{[%clk 1:00:51]} N5c6 {[%clk 0:47:27]} 22. Qb2 {[%clk 0:51:26]} Kg8
{[%clk 0:43:20]} 23. Rac1 {[%clk 0:49:59]} dxe4 {[%clk 0:37:39]} 24. Bxe4
{[%clk 0:44:42]} Qb6 {[%clk 0:38:02]} 25. Kh2 {[%clk 0:41:52]} Nxd4
{[%clk 0:37:00]} 26. Rxc8 {[%clk 0:39:41]} Rxc8 {[%clk 0:36:33]} 27. Rxd4
{[%clk 0:37:34]} Bxe4 {[%clk 0:34:47]} 28. Rxe4 {[%clk 0:37:56]} Nf5
{[%clk 0:34:57]} 29. Ng1 {[%clk 0:36:48]} Nh4 {[%clk 0:27:30]} 30. Qe2
{[%clk 0:29:32]} Qc6 {[%clk 0:26:54]} 31. g4 {[%clk 0:28:38]} h6 {[%clk 0:23:05]}
32. Qe3 {[%clk 0:26:34]} Kh7 {[%clk 0:04:20]} 33. Kg3 {[%clk 0:22:13]} Nf5+
{[%clk 0:04:08]} 34. gxf5 {[%clk 0:21:59]} gxf5 {[%clk 0:04:33]} 35. Re7
{[%clk 0:18:22]} Rg8+ {[%clk 0:04:56]} 36. Kf2 {[%clk 0:16:25]} Qg2+
{[%clk 0:05:19]} 37. Ke1 {[%clk 0:16:50]} Qxg1+ {[%clk 0:05:45]} 38. Qxg1
{[%clk 0:17:11]} Rxg1+ {[%clk 0:06:12]} 39. Kf2 {[%clk 0:16:44]} Ra1
{[%clk 0:06:35]} 40. Rxf7+ {[%clk 0:16:38]} Kg6 {[%clk 0:06:58]} 41. Rb7
{[%clk 0:14:32]} Rxa2+ {[%clk 0:07:09]} 42. Kg3 {[%clk 0:14:46]} Kh5
{[%clk 0:06:57]} 43. Rb6 {[%clk 0:14:45]} Ra3 {[%clk 0:04:46]} 44. Kg2
{[%clk 0:15:08]} Ra2+ {[%clk 0:03:57]} 45. Kg3 {[%clk 0:15:32]} Ra3
{[%clk 0:04:22]} 46. Kg2 {[%clk 0:15:58]} Ra2+ {[%clk 0:04:48]} 47. Kg3 1/2-1/2

[Event "1SM"]
[Site "Sharjah Chess Club"]
[Date "2017.03.31"]
[Round "9.30"]
[White "Sadhwani, Raunak"]
[Black "Yakubboev, Nodirbek"]
[Result "0-1"]
[BlackElo "2427"]
[WhiteElo "2218"]
[LiveChessVersion "1.4.8"]

1. e4 {[%clk 1:40:55]} e5 {[%clk 1:40:32]} 2. Nf3 {[%clk 1:41:08]} Nc6
{[%clk 1:40:54]} 3. Bb5 {[%clk 1:41:30]} a6 {[%clk 1:41:08]} 4. Ba4
{[%clk 1:41:44]} g6 {[%clk 1:40:43]} 5. c3 {[%clk 1:41:46]} d6 {[%clk 1:40:43]}
6. O-O {[%clk 1:42:00]} Bg7 {[%clk 1:40:21]} 7. d4 {[%clk 1:40:01]} Bd7
{[%clk 1:40:13]} 8. Bg5 {[%clk 1:35:20]} f6 {[%clk 1:36:29]} 9. Bh4
{[%clk 1:32:39]} h5 {[%clk 1:16:34]} 10. Bg3 {[%clk 1:28:23]} Nge7
{[%clk 1:08:51]} 11. dxe5 {[%clk 1:26:27]} dxe5 {[%clk 1:07:24]} 12. h3
{[%clk 1:25:07]} g5 {[%clk 0:58:47]} 13. h4 {[%clk 1:24:34]} g4 {[%clk 0:54:24]}
14. Ne1 {[%clk 1:23:38]} f5 {[%clk 0:47:30]} 15. exf5 {[%clk 1:23:27]} Nxf5
{[%clk 0:43:34]} 16. Nd3 {[%clk 1:19:17]} Qe7 {[%clk 0:33:30]} 17. Bxc6
{[%clk 1:15:47]} Bxc6 {[%clk 0:31:30]} 18. Nb4 {[%clk 1:12:23]} Bb5
{[%clk 0:23:19]} 19. Re1 {[%clk 1:10:49]} Rd8 {[%clk 0:21:44]} 20. Qb3
{[%clk 1:00:08]} Nxg3 {[%clk 0:13:12]} 21. fxg3 {[%clk 1:00:32]} Qc5+
{[%clk 0:11:01]} 22. Kh2 {[%clk 1:00:10]} Bc4 {[%clk 0:10:55]} 23. Qa4+
{[%clk 0:56:11]} c6 {[%clk 0:07:26]} 24. Na3 {[%clk 0:52:43]} Bf7
{[%clk 0:07:36]} 25. Rad1 {[%clk 0:47:02]} O-O {[%clk 0:07:57]} 26. Nd3
{[%clk 0:44:26]} Qe7 {[%clk 0:08:18]} 27. Nb1 {[%clk 0:35:41]} Rd5
{[%clk 0:06:54]} 28. Nf2 {[%clk 0:29:43]} Rxd1 {[%clk 0:06:23]} 29. Rxd1
{[%clk 0:29:24]} Bd5 {[%clk 0:04:16]} 30. Ne4 {[%clk 0:27:48]} Qf7
{[%clk 0:03:01]} 31. Nbd2 {[%clk 0:26:09]} Bh6 {[%clk 0:02:27]} 32. Qc2
{[%clk 0:21:48]} Qg6 {[%clk 0:01:01]} 33. c4 {[%clk 0:20:25]} Be6
{[%clk 0:01:24]} 34. Qd3 {[%clk 0:19:15]} Bf5 {[%clk 0:01:10]} 35. Qe2
{[%clk 0:14:19]} Rd8 {[%clk 0:01:11]} 36. Ng5 {[%clk 0:09:27]} Bc2
{[%clk 0:00:57]} 37. Rc1 {[%clk 0:07:43]} Re8 {[%clk 0:01:00]} 38. c5
{[%clk 0:06:57]} Qd3 {[%clk 0:01:03]} 39. Re1 {[%clk 0:05:19]} Qxe2
{[%clk 0:01:02]} 40. Rxe2 {[%clk 0:05:44]} Bxg5 {[%clk 0:01:16]} 41. hxg5
{[%clk 0:06:06]} Bd3 {[%clk 0:01:35]} 42. Re3 {[%clk 0:05:29]} e4
{[%clk 0:01:57]} 43. Nb3 {[%clk 0:05:46]} Kf7 {[%clk 0:02:01]} 44. Nc1
{[%clk 0:05:41]} Rd8 {[%clk 0:02:06]} 45. Kg1 {[%clk 0:04:21]} Kg6
{[%clk 0:02:22]} 46. Kf2 {[%clk 0:04:46]} Rf8+ {[%clk 0:02:37]} 47. Ke1
{[%clk 0:05:12]} Rf1+ {[%clk 0:02:56]} 48. Kd2 {[%clk 0:05:38]} Rf2+
{[%clk 0:03:08]} 49. Ne2 {[%clk 0:05:55]} Kxg5 {[%clk 0:03:19]} 50. Ke1
{[%clk 0:06:22]} Rxe2+ {[%clk 0:03:36]} 51. Rxe2 {[%clk 0:06:49]} Bxe2
{[%clk 0:03:58]} 52. Kxe2 {[%clk 0:07:16]} Kf5 {[%clk 0:04:20]} 53. Ke3
{[%clk 0:07:42]} Ke5 {[%clk 0:04:44]} 54. b4 {[%clk 0:08:10]} Kd5 55. Kxe4+
{[%clk 0:08:03]} Ke5+ 0-1

[Event "1SM"]
[Site "Sharjah Chess Club"]
[Date "2017.03.31"]
[Round "9.31"]
[White "Fier, Alexandr"]
[Black "Kulkarni, Rakesh"]
[Result "1-0"]
[BlackElo "2325"]
[WhiteElo "2568"]
[LiveChessVersion "1.4.8"]

1. e4 {[%clk 1:40:58]} d5 {[%clk 1:40:44]} 2. exd5 {[%clk 1:41:22]} Nf6
{[%clk 1:41:10]} 3. d4 {[%clk 1:41:20]} Bg4 {[%clk 1:41:26]} 4. f3
{[%clk 1:41:45]} Bf5 {[%clk 1:41:39]} 5. c4 {[%clk 1:42:11]} e6 {[%clk 1:41:51]}
6. Nc3 {[%clk 1:34:11]} exd5 {[%clk 1:40:55]} 7. g4 {[%clk 1:34:36]} Be6
{[%clk 1:39:08]} 8. g5 {[%clk 1:35:01]} Nfd7 {[%clk 1:38:38]} 9. cxd5
{[%clk 1:34:27]} Bf5 {[%clk 1:39:02]} 10. Nge2 {[%clk 1:32:41]} Nb6
{[%clk 1:31:29]} 11. Ng3 {[%clk 1:32:56]} Bc8 {[%clk 1:29:19]} 12. Bg2
{[%clk 1:28:51]} h5 {[%clk 1:27:16]} 13. h4 {[%clk 1:23:47]} c6 {[%clk 1:23:09]}
14. dxc6 {[%clk 1:21:17]} Nxc6 {[%clk 1:22:54]} 15. d5 {[%clk 1:21:40]} Nb4
{[%clk 1:22:41]} 16. O-O {[%clk 1:20:25]} Bc5+ {[%clk 1:21:37]} 17. Kh1
{[%clk 1:20:50]} N4xd5 {[%clk 1:21:09]} 18. f4 {[%clk 1:19:17]} Bg4
{[%clk 1:17:40]} 19. Qe1+ {[%clk 1:17:46]} Ne7 {[%clk 1:06:43]} 20. Nce4
{[%clk 1:13:43]} Rc8 {[%clk 1:06:55]} 21. Nxc5 {[%clk 1:07:51]} Rxc5
{[%clk 1:07:19]} 22. b3 {[%clk 1:08:16]} O-O {[%clk 1:04:45]} 23. Ba3
{[%clk 1:08:19]} Rc7 {[%clk 1:05:02]} 24. Qe4 {[%clk 1:07:28]} Re8
{[%clk 0:22:43]} 25. Rae1 {[%clk 1:07:51]} Rc3 {[%clk 0:18:39]} 26. Bxe7
{[%clk 1:06:26]} Qd7 {[%clk 0:18:47]} 27. Kh2 {[%clk 1:06:02]} Rc7
{[%clk 0:17:30]} 28. f5 {[%clk 1:01:39]} Rxe7 {[%clk 0:17:20]} 29. Qf4
{[%clk 1:02:05]} Rxe1 {[%clk 0:15:28]} 30. Rxe1 {[%clk 1:02:32]} Rc8
{[%clk 0:14:25]} 31. a4 {[%clk 1:00:02]} Qd3 {[%clk 0:09:43]} 32. g6
{[%clk 0:49:21]} fxg6 {[%clk 0:09:12]} 33. f6 {[%clk 0:49:47]} Rf8
{[%clk 0:07:34]} 34. f7+ {[%clk 0:49:09]} Kh7 {[%clk 0:08:00]} 35. Re8
{[%clk 0:49:32]} Nd7 {[%clk 0:07:37]} 36. Ne4 {[%clk 0:49:34]} 1-0

[Event "1SM"]
[Site "Sharjah Chess Club"]
[Date "2017.03.31"]
[Round "9.32"]
[White "Santos Ruiz, Miguel"]
[Black "Rajesh, V A V"]
[Result "1/2-1/2"]
[BlackElo "2324"]
[WhiteElo "2480"]
[LiveChessVersion "1.4.8"]

1. d4 {[%clk 1:40:57]} Nf6 {[%clk 1:40:21]} 2. c4 {[%clk 1:41:19]} g6
{[%clk 1:40:31]} 3. f3 {[%clk 1:41:41]} d5 {[%clk 1:39:08]} 4. cxd5
{[%clk 1:42:02]} Nxd5 {[%clk 1:39:34]} 5. e4 {[%clk 1:42:25]} Nb6
{[%clk 1:39:39]} 6. Nc3 {[%clk 1:42:45]} Bg7 {[%clk 1:38:45]} 7. Be3
{[%clk 1:43:05]} O-O {[%clk 1:37:06]} 8. Qd2 {[%clk 1:42:56]} Nc6
{[%clk 1:34:56]} 9. O-O-O {[%clk 1:43:00]} f5 {[%clk 1:34:33]} 10. e5
{[%clk 1:43:07]} Nb4 {[%clk 1:33:28]} 11. Nh3 {[%clk 1:42:54]} a5
{[%clk 1:33:19]} 12. Kb1 {[%clk 1:20:52]} c6 {[%clk 1:32:32]} 13. Ka1
{[%clk 1:08:12]} 1/2-1/2